000
00318 a2200145 4500
245
_a
All of Egypt
_h
Text
020
_a
8880290355
250
_a
2nd ed Revised
100
_a
Bonechi
650
_a
African Archaeology
650
_a
EGYPTIAN HISTORY
005
20191021095533.0
260
_b
Bonechi
084
_a
NONE
999
_c
12362
_d
12362